| 000 | 00591nam a22001937a 4500 | ||
|---|---|---|---|
| 003 | 0 | ||
| 005 | 20160609170152.0 | ||
| 008 | 101208t xxu||||| |||| 00| 0 eng d | ||
| 040 |
_aBUAC _cBEPAC |
||
| 100 |
_aNoukpo , Julien Mitonsou _911944 |
||
| 130 |
_afr _911945 |
||
| 245 | _aEtude de la distribution des allotypes Gm et km des immunoglocliniques chez des enfants béninos clinique Lundi | ||
| 260 |
_aEPAC-UAC _bEPAC- UAC |
||
| 300 | _a52p. | ||
| 650 |
_aallotype _bimmunoglobine _911946 |
||
| 650 |
_aPALUDISME _911947 |
||
| 700 |
_aMigot - Nabias , Florence _911948 |
||
| 942 | _cTHE | ||
| 999 |
_c48461 _d48461 |
||